'E' Bible Books Blitz Quiz Stats

 Plays Quiz Updated Dec 30, 2014

Score 0/6 Timer 00:30
1 Play Today
% Correct
Exodus
76.3%
Ezra
67%
Esther
63.6%
Ezekiel
59.4%
Ecclesiastes
54.8%
Ephesians
51.5%

You're not logged in!

Compare scores with friends on all Sporcle quizzes.
OR
Log In

Show Comments

Extras

Top Quizzes Today


Score Distribution

Your Account Isn't Verified!

In order to create a playlist on Sporcle, you need to verify the email address you used during registration. Go to your Sporcle Settings to finish the process.

Report this User

Report this user for behavior that violates our Community Guidelines.

Details: